000
00279nam a22001097a 4500
082
_a
621.811 PRI'W
100
_a
PRITCHARD, R. T
_9
57229
245
_a
T-3 WOEKSHOP TECHNOLOGY FOR MECHANICAL ENGINEERING TECHNICIANS
260
_a
LONDON
_b
EUP
_c
1965
300
_a
200P
942
_c
BK
999
_c
567521
_d
567521